[Event "FB21 2324 SC Rochade Zeulenroda - TuS C"]
[Site "?"]
[Date "2024.01.21"]
[Round "5.5"]
[White "Gebhardt, Christine"]
[Black "Teichmann, Kerstin"]
[Result "1/2-1/2"]
[WhiteElo "1705"]
[BlackElo "1588"]
[PlyCount "84"]
[EventDate "2024.??.??"]

1. e4 c6 2. d4 d5 3. exd5 cxd5 4. Bd3 Nc6 5. c3 Nf6 6. Bf4 e6 7. Nf3 Bd6 8. Bxd6 Qxd6 9. O-O O-O 10. Nbd2 b6 11. Qe2 Bb7 12. Ne5 Qe7 13. Ndf3 Nd7 14. Rae1 h6 15. Bc2 Nf6 16. Kh1 Qc7 17. Bd3 Ne7 18. Rg1 Nh5 19. Qd2 Nf6 20. g4 Ne4 21. Qe3 f6 22. Nc4 Nxf2+ 23. Qxf2 dxc4 24. Be4 Nd5 25. Qg3 Qxg3 26. Rxg3 Rab8 27. Kg1 f5 28. Bxd5 Bxd5 29. g5 f4 30. Rh3 hxg5 31. Nxg5 Rf6 32. Nf3 Bxf3 33. Rxf3 Kf7 34. Re5 Rh8 35. h3 Rg8 36. Rg5 Rh8 37. Kg2 Rh4 38. Re5 Kg6 39. Kh2 Rh5 40. Re4 Rhf5 41. Rf2 Kf7 42. h4 Kg6 1/2-1/2

[Event "FB21 2324 SC Rochade Zeulenroda - TuS C"]
[Site "?"]
[Date "2024.01.21"]
[Round "5.6"]
[White "Kuehn, Elisabeth"]
[Black "Boehme-Ziska, Christine"]
[Result "1/2-1/2"]
[WhiteElo "1764"]
[BlackElo "1741"]
[PlyCount "29"]
[EventDate "2024.??.??"]

1. e4 c5 2. Nf3 e6 3. d4 cxd4 4. Nxd4 a6 5. Nc3 Qc7 6. Bd3 Nf6 7. O-O Nc6 8. Nxc6 bxc6 9. Be3 Be7 10. Qe2 O-O 11. Na4 c5 12. c4 Bb7 13. Nc3 d6 14. a3 Rfe8 15. Rab1 1/2-1/2

[Event "FB21 2324 SC Rochade Zeulenroda - SG Lei"]
[Site "?"]
[Date "2024.03.23"]
[Round "6.1"]
[White "Gempe, Anet"]
[Black "Wagner, Margarethe"]
[Result "1/2-1/2"]
[WhiteElo "1961"]
[BlackElo "1928"]
[PlyCount "81"]
[EventDate "2024.??.??"]

1. e4 c5 2. Nf3 d6 3. d4 cxd4 4. Nxd4 Nf6 5. Nc3 a6 6. Be2 e5 7. Nb3 Be7 8. Be3 Be6 9. Nd5 Bxd5 10. exd5 Nbd7 11. c4 Rc8 12. O-O O-O 13. f4 exf4 14. Bxf4 Ne5 15. Rc1 Ng6 16. Be3 Re8 17. Bd3 Ne5 18. Be2 g6 19. Bd4 Nfd7 20. Nd2 Bg5 21. Rc3 f5 22. Nf3 Nxf3+ 23. Bxf3 Nc5 24. b4 Ne4 25. Rc2 b6 26. Re1 Bf6 27. Re3 Bg5 28. Ree2 Bf6 29. Qd3 Bxd4+ 30. Qxd4 Ng5 31. Kf2 Rxe2+ 32. Rxe2 Nf7 33. Rc2 Ne5 34. Be2 a5 35. a3 Qd7 36. c5 bxc5 37. bxc5 Ng4+ 38. Bxg4 fxg4 39. Kg3 dxc5 40. Qxg4 Qd6+ 41. Kh3 1/2-1/2

[Event "FB21 2324 SC Rochade Zeulenroda - SG Lei"]
[Site "?"]
[Date "2024.03.23"]
[Round "6.4"]
[White "Dietrich, Mareike"]
[Black "Lobe, Sandra"]
[Result "1/2-1/2"]
[WhiteElo "1853"]
[BlackElo "1881"]
[PlyCount "63"]
[EventDate "2024.??.??"]

1. e4 d6 2. d4 Nf6 3. Nc3 g6 4. Nf3 Bg7 5. Be2 O-O 6. O-O c6 7. h3 Qc7 8. Bf4 Nbd7 9. e5 Ne8 10. exd6 Nxd6 11. Ne4 Nf6 12. Nxd6 exd6 13. c4 Qd8 14. Bg5 Qa5 15. Qb3 Ne4 16. Be3 Re8 17. Bd3 Qh5 18. Qc2 Bf5 19. Nh2 Ng3 20. Rfe1 Bxd3 21. Qxd3 Ne4 22. Nf3 Qf5 23. Qb3 Rab8 24. Rac1 d5 25. c5 Bf6 26. Qa4 Ra8 27. b4 Qd7 28. Qb3 Re6 29. Rcd1 Bg7 30. Bf4 Rae8 31. Ne5 Qe7 32. Qf3 1/2-1/2

[Event "FB21 2324 SC Rochade Zeulenroda - SG Lei"]
[Site "?"]
[Date "2024.03.23"]
[Round "6.5"]
[White "Oswald, Hannah"]
[Black "Loos, Tilda"]
[Result "1/2-1/2"]
[WhiteElo "1883"]
[BlackElo "1644"]
[PlyCount "81"]
[EventDate "2024.??.??"]

1. e4 c5 2. Nf3 Nc6 3. d4 cxd4 4. Nxd4 Nf6 5. Nc3 e5 6. Ndb5 d6 7. Nd5 Nxd5 8. Qxd5 Be6 9. Qd1 a6 10. Nc3 Be7 11. Be3 O-O 12. Be2 Qc7 13. O-O b5 14. Rc1 Rac8 15. a3 Rfd8 16. Nd5 Bxd5 17. Qxd5 Na5 18. Bg4 Rb8 19. b3 Qc6 20. Qd2 Nb7 21. Bf3 Nc5 22. Qe2 Nxe4 23. Ba7 Ra8 24. Bxe4 d5 25. Bd3 Rxa7 26. Qxe5 Bxa3 27. Rcd1 Re7 28. Qg5 Red7 29. Bf5 Rd6 30. Rfe1 Rf6 31. Be4 Bc5 32. Bf3 Qb6 33. Re2 h6 34. Qh4 d4 35. Red2 Bb4 36. Rd3 Re8 37. Kf1 Rfe6 38. g3 Re1+ 39. Kg2 Rxd1 40. Rxd1 Rc8 41. Qg4 1/2-1/2

[Event "FB21 2324 SC Rochade Zeulenroda - SG Lei"]
[Site "?"]
[Date "2024.03.23"]
[Round "6.6"]
[White "Teichmann, Kerstin"]
[Black "Ottlik, Marie"]
[Result "1-0"]
[WhiteElo "1743"]
[BlackElo "1652"]
[PlyCount "65"]
[EventDate "2024.??.??"]

1. e4 c5 2. Nf3 d6 3. d4 cxd4 4. Nxd4 Nf6 5. Nc3 a6 6. Be3 e6 7. Be2 b5 8. a3 Bb7 9. f3 Nbd7 10. O-O Nb6 11. Qe1 Qc7 12. Qf2 Nbd7 13. Rad1 d5 14. exd5 Nxd5 15. Nxd5 Bxd5 16. Bd3 Bd6 17. Qh4 h6 18. Bxb5 Bc5 19. Bxd7+ Kxd7 20. c4 Be7 21. Qg4 Qxc4 22. Qxg7 Raf8 23. Bf4 Ke8 24. Rc1 Qd3 25. Rc8+ Kd7 26. Rc7+ Ke8 27. Rfc1 Rfg8 28. Rc8+ Bd8 29. Qf6 Rxg2+ 30. Kxg2 Rg8+ 31. Bg3 Qd2+ 32. Kh3 Qxc1 33. Qxd8# 1-0

[Event "FB21 2324 SV Merseburg - SC Leipzig-Lind"]
[Site "?"]
[Date "2024.03.23"]
[Round "6.1"]
[White "Weimert, Miriam"]
[Black "Safonova, Valeriia"]
[Result "1/2-1/2"]
[WhiteElo "1931"]
[BlackElo "1831"]
[PlyCount "86"]
[EventDate "2024.??.??"]

1. e4 c5 2. Nf3 d6 3. d4 cxd4 4. Nxd4 Nf6 5. f3 a6 6. c4 e5 7. Nc2 Be6 8. Be3 Be7 9. Be2 Nbd7 10. O-O Rc8 11. b3 Qc7 12. Nba3 O-O 13. Qd2 Rfd8 14. Rfd1 Nf8 15. Bf1 N6d7 16. Nb4 Ng6 17. Nac2 Nc5 18. Qf2 Nf8 19. Nd5 Bxd5 20. Rxd5 Nfe6 21. Rd2 a5 22. b4 axb4 23. Nxb4 Bf8 24. Nd5 Qa5 25. Rb1 Rc6 26. Rb5 Qa8 27. Qh4 Re8 28. Qg4 Kh8 29. Qf5 Kg8 30. Qg4 Kh8 31. Qh5 Kg8 32. Bxc5 Nxc5 33. Ne3 Ra6 34. Rbb2 Qa7 35. Qg5 Be7 36. Qg3 Na4 37. Rb3 h6 38. Kh1 Bg5 39. Nf5 g6 40. Rxd6 Rxd6 41. Nxd6 Bf4 42. Qh4 Bg5 43. Qg3 Bf4 1/2-1/2

[Event "FB21 2324 SV Merseburg - SC Leipzig-Lind"]
[Site "?"]
[Date "2024.03.23"]
[Round "6.2"]
[White "Hartung, Katja"]
[Black "Spangenberg, Romy"]
[Result "1-0"]
[WhiteElo "1945"]
[BlackElo "1904"]
[PlyCount "34"]
[EventDate "2024.??.??"]

1. e4 c5 2. d4 cxd4 3. c3 dxc3 4. Nxc3 Nc6 5. Nf3 d6 6. Bc4 Nf6 7. e5 dxe5 8. Qxd8+ Kxd8 9. Ng5 Kd7 10. Nxf7 Rg8 11. Ng5 Rh8 12. O-O e6 13. Nb5 a6 14. Rd1+ Ke7 15. Nc7 Rb8 16. Be3 Nd5 17. Bxd5 exd5 1-0

[Event "FB21 2324 SV Merseburg - SC Leipzig-Lind"]
[Site "?"]
[Date "2024.03.23"]
[Round "6.3"]
[White "Herbrig, Marie-Helen"]
[Black "Pflug, Tanja"]
[Result "0-1"]
[WhiteElo "1902"]
[BlackElo "1969"]
[PlyCount "66"]
[EventDate "2024.??.??"]

1. d4 f5 2. Nf3 Nf6 3. Bg5 g6 4. Nbd2 Bg7 5. e3 d6 6. Bxf6 exf6 7. g3 Nc6 8. Bg2 O-O 9. O-O Kh8 10. c4 a5 11. Nb1 Ne7 12. Nc3 c6 13. a3 g5 14. b4 axb4 15. axb4 Bd7 16. Qd3 Ng6 17. Nd2 Qc7 18. Nb3 f4 19. b5 Rxa1 20. Rxa1 fxg3 21. hxg3 f5 22. c5 f4 23. b6 Qd8 24. Ra7 Bc8 25. Na5 dxc5 26. Na4 fxg3 27. fxg3 cxd4 28. Nxb7 Qf6 29. e4 Qf2+ 30. Kh1 Ne5 31. Qb3 Qe1+ 32. Kh2 Ng4+ 33. Kh3 Qg1 0-1

[Event "FB21 2324 SV Merseburg - SC Leipzig-Lind"]
[Site "?"]
[Date "2024.03.23"]
[Round "6.4"]
[White "Kuemmel, Tina"]
[Black "Lowke, Kathrin"]
[Result "1/2-1/2"]
[WhiteElo "1708"]
[BlackElo "1899"]
[PlyCount "108"]
[EventDate "2024.??.??"]

1. e4 c5 2. Nc3 Nc6 3. f4 g6 4. Nf3 Bg7 5. Bc4 e6 6. O-O Nge7 7. d3 O-O 8. Qe1 d5 9. Bb3 b6 10. Qh4 Bb7 11. Ng5 h6 12. Nf3 Nd4 13. f5 exf5 14. Bxh6 Nxf3+ 15. Rxf3 dxe4 16. dxe4 Bxe4 17. Rh3 Nd5 18. Bg5 f6 19. Qh7+ Kf7 20. Bh6 Rg8 21. Nxd5 Bxd5 22. Rd3 c4 23. Bxc4 Bxc4 24. Rxd8 Raxd8 25. b3 Be6 26. Re1 Rde8 27. Kf2 Re7 28. Bxg7 Rxg7 29. Qh4 Rg8 30. c4 Kg7 31. Qd4 Rge8 32. a4 Rd7 33. Qc3 Kf7 34. a5 Rd6 35. axb6 axb6 36. Qf3 Red8 37. Re2 R8d7 38. Qc3 f4 39. Qc2 Bg4 40. Ke1 Bxe2 41. Kxe2 Rd2+ 42. Qxd2 Rxd2+ 43. Kxd2 Ke6 44. Kd3 Ke5 45. h4 Kf5 46. b4 Ke5 47. c5 bxc5 48. bxc5 Kd5 49. c6 Kxc6 50. Ke4 Kd6 51. Kxf4 Ke6 52. g4 f5 53. gxf5+ gxf5 54. Kg5 Kf7 1/2-1/2

[Event "FB21 2324 SV Merseburg - SC Leipzig-Lind"]
[Site "?"]
[Date "2024.03.23"]
[Round "6.5"]
[White "Spangenberg, Pia"]
[Black "Eue, Vicky"]
[Result "1-0"]
[WhiteElo "1867"]
[BlackElo "1812"]
[PlyCount "91"]
[EventDate "2024.??.??"]

1. e4 d5 2. exd5 Qxd5 3. Nc3 Qd6 4. d4 Nf6 5. Bd3 a6 6. Nge2 Bg4 7. f3 Bh5 8. Bf4 Qd7 9. O-O e6 10. Ne4 Bd6 11. Nxd6+ cxd6 12. c4 Nc6 13. Re1 O-O 14. Rc1 Bg6 15. Bxg6 fxg6 16. Bg3 Nh5 17. d5 Ne5 18. Bxe5 dxe5 19. d6 Rad8 20. c5 Qc6 21. Ng3 Nf6 22. Rxe5 Nd7 23. Rxe6 Nxc5 24. Ne4 Rf5 25. Rxc5 Rxc5 26. Nxc5 Qxc5+ 27. Kf1 Qc4+ 28. Qe2 Qc1+ 29. Kf2 Qc5+ 30. Qe3 Qb5 31. b3 g5 32. g3 g4 33. f4 Qc6 34. Qd3 b5 35. f5 Qh1 36. Ke3 Qxh2 37. Kf4 Qf2+ 38. Kxg4 Qc5 39. d7 Kf7 40. Rxa6 h5+ 41. Kxh5 Qe5 42. Rd6 Kf8 43. Re6 Rxd7 44. Qxd7 Qxf5+ 45. Kh4 g5+ 46. Kh5 1-0

[Event "FB21 2324 SC Kreuzberg - SZ Seeblick Dip"]
[Site "?"]
[Date "2024.03.23"]
[Round "6.1"]
[White "Peglau, Charis"]
[Black "Von Herman, Brigitte"]
[Result "1-0"]
[WhiteElo "2054"]
[BlackElo "1936"]
[PlyCount "78"]
[EventDate "2024.??.??"]

1. d4 Nf6 2. c4 e6 3. Nc3 Bb4 4. Nf3 b6 5. Qc2 Bb7 6. Bf4 O-O 7. e3 d6 8. Bd3 Nbd7 9. O-O-O Bxc3 10. Qxc3 Ne4 11. Qc2 f5 12. h4 Qe8 13. Rhg1 Ndf6 14. Ng5 Nxg5 15. Bxg5 Be4 16. f3 Bxd3 17. Qxd3 Nd7 18. g4 Kh8 19. gxf5 exf5 20. Rg3 Qe6 21. Rdg1 Rf7 22. h5 d5 23. Kb1 c6 24. cxd5 cxd5 25. Qc2 Nf6 26. h6 g6 27. Rc1 Nh5 28. Rgg1 f4 29. e4 dxe4 30. fxe4 Re8 31. d5 Qd6 32. Qd3 f3 33. Rgf1 Qg3 34. Bd2 Kg8 35. Bc3 Qf4 36. e5 Qxh6 37. e6 Rf5 38. Rxf3 Rxf3 39. Qxf3 Qg5 1-0

[Event "FB21 2324 SC Kreuzberg - SZ Seeblick Dip"]
[Site "?"]
[Date "2024.03.23"]
[Round "6.2"]
[White "Skogvall, Martina"]
[Black "Peglau, Dora"]
[Result "0-1"]
[WhiteElo "1975"]
[BlackElo "1960"]
[PlyCount "132"]
[EventDate "2024.??.??"]

1. e4 e6 2. d4 d5 3. Nd2 c5 4. c3 cxd4 5. cxd4 dxe4 6. Nxe4 Bb4+ 7. Nc3 Nc6 8. Nf3 Nf6 9. Bd3 O-O 10. O-O h6 11. Be3 b6 12. Rc1 Bb7 13. Qd2 Ne7 14. Qe2 Ned5 15. Ne5 Rc8 16. Bd2 Nxc3 17. bxc3 Ba3 18. Rc2 Qd5 19. f3 Rc7 20. Rb1 Rfc8 21. Rb3 Bf8 22. Qf2 Qd8 23. Qg3 Nd5 24. Ng4 Kh8 25. Qe5 Qd6 26. c4 Qxe5 27. Nxe5 Kg8 28. Rcb2 Ne7 29. Kf2 h5 30. a4 f6 31. Ng6 Nxg6 32. Bxg6 Rxc4 33. a5 Rxd4 34. axb6 axb6 35. Be3 Bc5 36. Kg3 h4+ 37. Kh3 Rc4 38. Bxc5 R8xc5 39. Rxb6 Bc8 40. g4 hxg3 41. hxg3 e5+ 42. g4 Kf8 43. Rd2 Ke7 44. Rbd6 Be6 45. Rd8 Rc8 46. R8d6 R4c6 47. R6d3 R6c7 48. Re3 Bf7 49. Bf5 Rh8+ 50. Kg3 g6 51. Bc2 Rhc8 52. Ba4 Be6 53. g5 Rh8 54. gxf6+ Kxf6 55. Rd6 Rch7 56. Re1 Rh2 57. Rxe6+ Kxe6 58. f4 R8h3+ 59. Kg4 Rh4+ 60. Kg3 R2h3+ 61. Kg2 Rxf4 62. Bd7+ Kxd7 63. Kxh3 Ke6 64. Kg3 Kf5 65. Ra1 g5 66. Ra8 e4 0-1

[Event "FB21 2324 SC Kreuzberg - SZ Seeblick Dip"]
[Site "?"]
[Date "2024.03.23"]
[Round "6.3"]
[White "Browning, Rebecca"]
[Black "Bazzazi, Elnaz"]
[Result "1-0"]
[WhiteElo "1949"]
[BlackElo "1857"]
[PlyCount "45"]
[EventDate "2024.??.??"]

1. e4 e5 2. Nf3 Nc6 3. d4 exd4 4. Nxd4 Qh4 5. Nc3 Bb4 6. Be2 Qxe4 7. Ndb5 Bxc3+ 8. bxc3 Kd8 9. O-O Nf6 10. Re1 Re8 11. Be3 a6 12. Nd6 Qa4 13. Nxe8 Nxe8 14. Qd5 f6 15. Qg8 Ne7 16. Qf7 d6 17. Bd4 Nf5 18. Bh5 Bd7 19. Re4 Kc8 20. Rae1 b6 21. Rxe8+ Bxe8 22. Rxe8+ Kb7 23. Bf3+ 1-0

[Event "FB21 2324 SC Kreuzberg - SZ Seeblick Dip"]
[Site "?"]
[Date "2024.03.23"]
[Round "6.4"]
[White "Fock, Amina"]
[Black "Peglau, Mirjam"]
[Result "1/2-1/2"]
[WhiteElo "1932"]
[BlackElo "1937"]
[PlyCount "70"]
[EventDate "2024.??.??"]

1. e4 e6 2. d4 d5 3. Nd2 c5 4. exd5 Qxd5 5. Ngf3 cxd4 6. Bc4 Qd7 7. Nb3 Nc6 8. Nbxd4 Nxd4 9. Nxd4 a6 10. O-O Nf6 11. c3 Be7 12. Re1 Qc7 13. Qe2 O-O 14. Bb3 Bd6 15. h3 b5 16. Bg5 Nd5 17. c4 bxc4 18. Bxc4 Nf4 19. Bxf4 Bxf4 20. Bd3 Bb7 21. Nc2 Rfd8 22. Ne3 Qe5 23. Qc2 h5 24. Rad1 Rac8 25. Qb3 Qc7 26. Qa4 e5 27. Bf1 Qe7 28. g3 Qg5 29. Kh2 Bxe3 30. Rxe3 Qf5 31. Kg1 Qe6 32. Rxd8+ Rxd8 33. Qh4 Rd1 34. Qxh5 Qd5 35. f3 f6 1/2-1/2

[Event "FB21 2324 SC Kreuzberg - SZ Seeblick Dip"]
[Site "?"]
[Date "2024.03.23"]
[Round "6.5"]
[White "Peglau, Sarah"]
[Black "Grosse-Honebrink, Brigitte"]
[Result "0-1"]
[WhiteElo "1848"]
[BlackElo "1916"]
[PlyCount "51"]
[EventDate "2024.??.??"]

1. d4 Nf6 2. Nf3 e6 3. Bf4 d5 4. e3 Be7 5. c4 Nbd7 6. Nc3 O-O 7. c5 c6 8. b4 a6 9. Bd3 Re8 10. O-O Nf8 11. a4 Ng6 12. b5 axb5 13. axb5 Rxa1 14. Qxa1 Nxf4 15. exf4 Bd7 16. Qa7 Qc7 17. bxc6 Bxc6 18. Ne5 Rc8 19. Rb1 Bd8 20. Nb5 Qa5 21. Qxa5 Bxa5 22. Nd6 Rf8 23. Nxb7 Bxb7 24. Rxb7 Bc3 25. c6 Bxd4 26. c7 0-1

[Event "FB21 2324 SC Kreuzberg - SZ Seeblick Dip"]
[Site "?"]
[Date "2024.03.23"]
[Round "6.6"]
[White "Mazurtsova, Margarita"]
[Black "Hentschel, Lena"]
[Result "1/2-1/2"]
[WhiteElo "1757"]
[BlackElo "1732"]
[PlyCount "142"]
[EventDate "2024.??.??"]

1. c4 e5 2. Nc3 Nf6 3. g3 d5 4. cxd5 Nxd5 5. Bg2 Nb6 6. Nf3 Nc6 7. O-O Be7 8. d3 O-O 9. a3 Rb8 10. Rb1 Be6 11. b4 f6 12. Bb2 a6 13. Qc2 f5 14. e3 Bf6 15. Rfd1 Qe7 16. Rbc1 Rfd8 17. Ne2 Bd5 18. Nc3 Be6 19. Ne2 Bd5 20. d4 e4 21. Nd2 Rbc8 22. Nf4 Bf7 23. Bf1 Na7 24. Nc4 g5 25. Ng2 Nxc4 26. Bxc4 c6 27. Qb3 Bxc4 28. Qxc4+ Rd5 29. Qb3 Rcd8 30. a4 Kg7 31. Rc2 Qf7 32. Rdc1 R8d7 33. Rc5 Be7 34. Rxd5 Rxd5 35. Bc3 Bd6 36. Qc2 Qe7 37. Rf1 Bxb4 38. Bb2 Bd6 39. Bc3 Bb4 40. Bb2 Nc8 41. Qe2 Qf7 42. Rb1 a5 43. Qc2 Qd7 44. Qe2 h6 45. Qh5 Qf7 46. Qe2 Nd6 47. Rc1 Qe8 48. Qd1 Kg6 49. Qb3 Qf7 50. Bc3 Bxc3 51. Qxc3 Qd7 52. Qb3 Nc8 53. Ne1 Na7 54. Qb6 Nc8 55. Qb3 b5 56. axb5 Rxb5 57. Qg8+ Kh5 58. Ng2 Nd6 59. h4 Qf7 60. Qd8 Nb7 61. Qc8 Rb6 62. hxg5 hxg5 63. Rxc6 Rxc6 64. Qxc6 Nd8 65. Qb6 Nb7 66. Qb5 Kg6 67. Qc6+ Kg7 68. g4 fxg4 69. Qxe4 Qf3 70. Qe7+ Kg6 71. Qe6+ Kg7 1/2-1/2

[Event "FB21 2324 SC Rotation Pankow - TuS Coswi"]
[Site "?"]
[Date "2024.03.23"]
[Round "6.2"]
[White "Wagner-Michel, Annett"]
[Black "Richter, Ulrike"]
[Result "1/2-1/2"]
[WhiteElo "2011"]
[BlackElo "1909"]
[PlyCount "97"]
[EventDate "2024.??.??"]

1. e4 c5 2. Nf3 Nc6 3. Bb5 g6 4. O-O Bg7 5. Re1 e6 6. Nc3 Nge7 7. d3 a6 8. Bxc6 Nxc6 9. Bf4 d6 10. Qd2 Nd4 11. Nxd4 cxd4 12. Ne2 e5 13. Bh6 O-O 14. Bxg7 Kxg7 15. c3 dxc3 16. Nxc3 Be6 17. d4 Qb6 18. Rad1 Rad8 19. b3 Qa5 20. Qb2 f6 21. Rd3 f5 22. b4 Qc7 23. dxe5 dxe5 24. Nd5 Qb8 25. Nf4 Kf7 26. Rxd8 Rxd8 27. Nxe6 Kxe6 28. Qb3+ Kf6 29. exf5 gxf5 30. Qh3 Kg6 31. Qg3+ Kf6 32. Qh4+ Kg6 33. Qg3+ Kf6 34. h4 Rg8 35. Qe3 f4 36. Qb6+ Kf5 37. Qh6 Qc7 38. Qh5+ Kf6 39. Qf3 Rg7 40. Qe4 Rg4 41. h5 Rg5 42. Qf3 h6 43. Rd1 Rg7 44. a3 Rd7 45. Re1 Qc2 46. Qg4 Rg7 47. Qf3 Rd7 48. Qg4 Rg7 49. Qf3 1/2-1/2

[Event "FB21 2324 SC Rotation Pankow - TuS Coswi"]
[Site "?"]
[Date "2024.03.23"]
[Round "6.3"]
[White "Lorenz, Veronika"]
[Black "Jahn, Constanze"]
[Result "1/2-1/2"]
[WhiteElo "1834"]
[BlackElo "2028"]
[PlyCount "101"]
[EventDate "2024.??.??"]

1. e4 c5 2. Nf3 a6 3. d4 cxd4 4. Nxd4 Nc6 5. c4 e6 6. Nc3 Bb4 7. a3 Bxc3+ 8. bxc3 Qa5 9. Qd2 Nge7 10. Be2 O-O 11. O-O f5 12. exf5 Nxf5 13. Nxf5 Qxf5 14. Qd6 Ne5 15. Be3 Nf7 16. Qg3 d6 17. Rab1 Qc2 18. Bd4 e5 19. Bd3 Qd2 20. Rfd1 Qh6 21. Be3 Qf6 22. Be4 Bf5 23. Bxf5 Qxf5 24. Rxb7 Qe4 25. Rdb1 g6 26. c5 dxc5 27. Bxc5 Rfc8 28. Be7 Ra7 29. Qh3 Raa8 30. Qd7 Qc6 31. h3 Qxd7 32. Rxd7 Rxc3 33. Rbb7 Rc6 34. g4 h6 35. h4 Rc4 36. f3 Rac8 37. Ra7 Rf4 38. Rxa6 Kg7 39. Rd3 e4 40. fxe4 Rxg4+ 41. Kf2 Rxe4 42. Bf6+ Kg8 43. Rg3 Kh7 44. Ra7 Rf4+ 45. Rf3 Rxf3+ 46. Kxf3 Kg8 47. a4 Rc5 48. Ke4 Rf5 49. Bd4 Nd6+ 50. Ke3 g5 51. hxg5 1/2-1/2

[Event "FB21 2324 SC Rotation Pankow - TuS Coswi"]
[Site "?"]
[Date "2024.03.23"]
[Round "6.4"]
[White "Wolf, Sylvia"]
[Black "Moldenhauer, Antje"]
[Result "1-0"]
[WhiteElo "1997"]
[BlackElo "1858"]
[PlyCount "77"]
[EventDate "2024.??.??"]

1. e4 c5 2. Nf3 d6 3. Bb5+ Bd7 4. a4 Nc6 5. O-O Nf6 6. Nc3 e5 7. d3 Be7 8. Ne1 O-O 9. Bc4 Bg4 10. f3 Be6 11. Bxe6 fxe6 12. f4 d5 13. fxe5 Nxe5 14. exd5 exd5 15. Qe2 Nc6 16. Bg5 Qd7 17. Nf3 Rae8 18. Qd2 a6 19. Rae1 Bd8 20. Rxe8 Rxe8 21. Re1 Nb4 22. b3 d4 23. Bxf6 Bxf6 24. Ne4 Be7 25. Rc1 Nd5 26. Qf2 Ne3 27. Ne5 Qe6 28. Nc4 Rf8 29. Qg3 Nxc4 30. bxc4 Qh6 31. Rb1 b6 32. h3 Bh4 33. Qc7 Qe3+ 34. Kh2 Bd8 35. Qe5 Rf7 36. Qe8+ Rf8 37. Qe6+ Rf7 38. Rf1 Bc7+ 39. Kh1 1-0

[Event "FB21 2324 SC Rotation Pankow - TuS Coswi"]
[Site "?"]
[Date "2024.03.23"]
[Round "6.5"]
[White "Fruebing, Simone"]
[Black "Heyme, Sibylle"]
[Result "0-1"]
[WhiteElo "1845"]
[BlackElo "1987"]
[PlyCount "84"]
[EventDate "2024.??.??"]

1. c4 Nf6 2. Nf3 g6 3. g3 Bg7 4. Bg2 O-O 5. O-O c5 6. Nc3 Nc6 7. d3 b6 8. Bf4 Bb7 9. Qd2 d6 10. e4 Rc8 11. Rad1 Re8 12. Bh3 Rb8 13. Rfe1 a6 14. e5 dxe5 15. Nxe5 Nd4 16. Bg2 Qc8 17. Ne2 Ne6 18. Be3 Bxg2 19. Kxg2 Qb7+ 20. Nf3 Rbd8 21. h3 Rd7 22. Neg1 Red8 23. Qe2 Ne8 24. Kh2 Bf6 25. h4 N8g7 26. Ng5 Nd4 27. Bxd4 Bxd4 28. N1f3 Bf6 29. Ne4 Nf5 30. Nxf6+ exf6 31. Ng1 Rd6 32. h5 Kg7 33. Rf1 Qd7 34. hxg6 hxg6 35. g4 Nd4 36. Qe4 Rh8+ 37. Kg2 f5 38. gxf5 gxf5 39. Qe5+ Kf8 40. f4 Rg6+ 41. Kf2 Rh2+ 42. Ke1 Nc2# 0-1

[Event "FB21 2324 SC Rotation Pankow - TuS Coswi"]
[Site "?"]
[Date "2024.03.23"]
[Round "6.6"]
[White "Mai, Iris"]
[Black "Rosner, Andrea"]
[Result "1-0"]
[WhiteElo "1971"]
[BlackElo "1852"]
[PlyCount "83"]
[EventDate "2024.??.??"]

1. d4 d5 2. Nf3 Nf6 3. g3 Bf5 4. Bg2 g6 5. O-O Bg7 6. c3 c6 7. Nh4 Qc8 8. Nxf5 Qxf5 9. f3 O-O 10. g4 Qc8 11. Bf4 Nfd7 12. Bg3 e5 13. Na3 f5 14. gxf5 Rxf5 15. Nc2 Bh6 16. Bh3 Rg5 17. dxe5 Qc7 18. f4 Rxg3+ 19. hxg3 Bf8 20. Kg2 Nc5 21. b4 Ne4 22. Qd3 Nd7 23. Ne3 h5 24. Nxd5 cxd5 25. Qxd5+ Kh7 26. Qxe4 Nb6 27. Be6 Re8 28. Bb3 Rc8 29. Rf3 Qd7 30. Rh1 Qc7 31. Rxh5+ Kg7 32. Rg5 Qc6 33. Qxc6 Rxc6 34. b5 Rc7 35. Bc2 Be7 36. Rxg6+ Kf8 37. Bb3 Bc5 38. Rg8+ Ke7 39. Rg7+ Kd8 40. Rd3+ Rd7 41. Rgxd7+ Nxd7 42. e6 1-0

[Event "FB21 2324 SC Leipzig-Lindenau - SC Rocha"]
[Site "?"]
[Date "2024.03.24"]
[Round "7.1"]
[White "Wagner, Margarethe"]
[Black "Weimert, Miriam"]
[Result "1/2-1/2"]
[WhiteElo "1928"]
[BlackElo "1931"]
[PlyCount "61"]
[EventDate "2024.??.??"]

1. e4 c5 2. Nf3 e6 3. d4 cxd4 4. Nxd4 a6 5. Bd3 Qc7 6. Qe2 Bc5 7. Nb3 Be7 8. a4 d6 9. O-O Nf6 10. f4 Nbd7 11. a5 O-O 12. Be3 e5 13. f5 d5 14. N1d2 Nc5 15. Nxc5 Bxc5 16. c3 Bd7 17. Bxc5 Qxc5+ 18. Kh1 Bc6 19. exd5 Bxd5 20. Ne4 Qc6 21. Nxf6+ Qxf6 22. Be4 Rad8 23. Rad1 Qc6 24. Bxd5 Rxd5 25. f6 Rxd1 26. Qxd1 gxf6 27. Rf3 Kh8 28. Qf1 Kg7 29. Rg3+ Kh8 30. Rf3 Kg7 31. Rg3+ 1/2-1/2

[Event "FB21 2324 SC Leipzig-Lindenau - SC Rocha"]
[Site "?"]
[Date "2024.03.24"]
[Round "7.2"]
[White "Spangenberg, Romy"]
[Black "Skibbe, Diana"]
[Result "1-0"]
[WhiteElo "1904"]
[BlackElo "1947"]
[PlyCount "63"]
[EventDate "2024.??.??"]

1. e4 e5 2. Nf3 Nc6 3. Bc4 Nf6 4. d3 Be7 5. O-O O-O 6. h3 d6 7. Be3 Na5 8. Bb3 c6 9. c4 Nxb3 10. Qxb3 Qc7 11. Nc3 Be6 12. Ng5 Bd7 13. Qd1 h6 14. Nf3 Nh7 15. d4 exd4 16. Bxd4 Be6 17. b3 Qa5 18. Qd2 Qh5 19. Ne2 Qg6 20. Nf4 Qxe4 21. Rfe1 Qf5 22. g4 Ng5 23. gxf5 Nxf3+ 24. Kg2 Nxd2 25. fxe6 fxe6 26. Nxe6 Rf7 27. Bxg7 Nf3 28. Re2 Nh4+ 29. Kh1 Bf6 30. Bxf6 Rxf6 31. Rg1+ Kf7 32. Rg7+ 1-0

[Event "FB21 2324 SC Leipzig-Lindenau - SC Rocha"]
[Site "?"]
[Date "2024.03.24"]
[Round "7.3"]
[White "Zarubinskaya, Irina"]
[Black "Herbrig, Marie-Helen"]
[Result "0-1"]
[WhiteElo "1837"]
[BlackElo "1902"]
[PlyCount "72"]
[EventDate "2024.??.??"]

1. e4 c5 2. Nf3 e6 3. d4 cxd4 4. Nxd4 a6 5. Be2 Nf6 6. f3 Qc7 7. Be3 Bc5 8. Qd2 O-O 9. c3 b5 10. O-O Bb7 11. Kh1 Be7 12. a4 bxa4 13. Rxa4 d5 14. exd5 Nxd5 15. Bg1 Nd7 16. Rd1 Nc5 17. Ra2 h6 18. b4 Bg5 19. Qb2 Nd7 20. c4 Nf4 21. Bf1 Rfd8 22. Nc3 Bf6 23. Qc1 Nf8 24. c5 Bd5 25. Rxa6 Rxa6 26. Bxa6 Ba8 27. Nce2 Nxg2 28. Kxg2 e5 29. Nf5 Qc6 30. Rf1 Qxa6 31. Qe3 Rd3 32. Qf2 e4 33. Nfg3 exf3+ 34. Kh3 Qe6+ 35. Nf5 Qxf5+ 36. Kg3 fxe2+ 0-1

[Event "FB21 2324 SC Leipzig-Lindenau - SC Rocha"]
[Site "?"]
[Date "2024.03.24"]
[Round "7.4"]
[White "Lowke, Kathrin"]
[Black "Dietrich, Mareike"]
[Result "1/2-1/2"]
[WhiteElo "1899"]
[BlackElo "1853"]
[PlyCount "26"]
[EventDate "2024.??.??"]

1. e4 c5 2. Nf3 d6 3. d4 cxd4 4. Nxd4 Nf6 5. Nc3 a6 6. Be2 Nbd7 7. O-O b5 8. a3 Bb7 9. Bf3 e6 10. Bg5 Be7 11. Re1 O-O 12. e5 Bxf3 13. Nxf3 dxe5 1/2-1/2

[Event "FB21 2324 SC Leipzig-Lindenau - SC Rocha"]
[Site "?"]
[Date "2024.03.24"]
[Round "7.5"]
[White "Loos, Tilda"]
[Black "Spangenberg, Pia"]
[Result "1/2-1/2"]
[WhiteElo "1644"]
[BlackElo "1867"]
[PlyCount "42"]
[EventDate "2024.??.??"]

1. e4 d5 2. exd5 Nf6 3. d4 Nxd5 4. Nf3 Bf5 5. Bd3 Bxd3 6. Qxd3 Nb4 7. Qb3 e6 8. a3 Nd5 9. Qxb7 Nd7 10. c4 N5f6 11. Bf4 Bd6 12. Bxd6 cxd6 13. Qb3 O-O 14. O-O Rb8 15. Qc2 a5 16. Nbd2 Qc7 17. Rab1 Rb7 18. b4 axb4 19. axb4 Rfb8 20. b5 Rxb5 21. Rxb5 Rxb5 1/2-1/2

[Event "FB21 2324 SC Leipzig-Lindenau - SC Rocha"]
[Site "?"]
[Date "2024.03.24"]
[Round "7.6"]
[White "Mai, Mariella"]
[Black "Teichmann, Kerstin"]
[Result "1-0"]
[WhiteElo "1764"]
[BlackElo "1743"]
[PlyCount "47"]
[EventDate "2024.??.??"]

1. Nf3 c6 2. b3 d5 3. Bb2 Bg4 4. e3 Nd7 5. Be2 Qc7 6. d3 Ngf6 7. Nbd2 e5 8. h3 Bh5 9. O-O Bd6 10. c4 O-O-O 11. cxd5 Nxd5 12. Nc4 Rhg8 13. Ng5 Bxe2 14. Qxe2 Be7 15. Nxf7 Rdf8 16. Nfxe5 Bf6 17. Nxd7 Qxd7 18. Qg4 Qxg4 19. hxg4 Bh4 20. Ba3 Re8 21. d4 Bf6 22. Nd6+ Kb8 23. Nf5 g6 24. Ng3 1-0